00442nam a2200133 a 450000100100000000500170001000800410002704000250006810000210009324500940011426000510020830000280025970000210028700003883620210628132527.0130426s1993 dr a 000 0 spa d aDO-SdBNPbspacBNPHU1 aSantana, Isidoro10aReforma social :buna agenda para combatir la pobreza /cIsidro Santana, Magdalena Rathe. aSanto Domingo :bFundación Siglo 21 ,c1993. a277 p. :bil. ;c23 cm.1 aRathe, Magdalena